MARC

LEADER 00000nam0a2200000 4500
001 62491
005 20231031063533.0
035 |a (RuTPU)RU\TPU\book\66277 
090 |a 62491 
100 |a 20040412d1986 m y0rusy50 ca 
101 0 |a rus 
102 |a RU 
105 |a y j 001zy 
200 1 |a Методика интенсивного обучения иностранным языкам  |f Г. А. Китайгородская 
205 |a 2-е изд., испр. и доп. 
210 |a Москва  |c Высшая школа  |d 1986 
215 |a 103 с. 
225 1 |a Библиотека преподавателя 
320 |a Библиогр.: с. 100-102 
610 1 |a иностранные языки 
610 1 |a преподавание 
610 1 |a интенсивное обучение 
610 1 |a учебно-воспитательный процесс 
610 1 |a учебные группы 
610 1 |a методика 
686 |a Ш12-9  |v LBC/SL-A  |2 rubbk 
700 1 |a Китайгородская  |b Г. А.  |g Галина Александровна 
801 1 |a RU  |b 63413507  |c 20040412  |g PSBO 
801 2 |a RU  |b 63413507  |c 20161012  |g PSBO 
942 |c BK